Sports Quiz

Random Sports or NFL Quiz

Madden Perfect 99's Quiz Stats

 Plays Quiz not verified by Sporcle

Challenge
Share
Tweet
Embed
Score 0/59 Timer 05:00
0 Plays Today
Year Player % Correct
Madden 12Tom Brady
97.8%
Madden 09Tom Brady
97.8%
Madden 11Peyton Manning
94.7%
Madden 10Peyton Manning
94.7%
Madden 09Peyton Manning
94.7%
Madden 08Peyton Manning
94.7%
Madden 07Peyton Manning
94.7%
Madden 06Peyton Manning
94.7%
Madden 06Ray Lewis
85.8%
Madden 05Ray Lewis
85.8%
Madden 04Ray Lewis
85.8%
Madden 03Ray Lewis
85.8%
Madden 02Ray Lewis
85.8%
Madden 12Darrelle Revis
80.9%
Madden 11Darrelle Revis
80.9%
Madden 11Chris Johnson
80%
Madden 10Ed Reed
79.6%
Madden 08Ed Reed
79.6%
Madden 07Ed Reed
79.6%
Madden 12Antonio Gates
77.8%
Madden 09Antonio Gates
77.8%
Madden 07Antonio Gates
77.8%
Madden 09Randy Moss
76%
Madden 06Randy Moss
76%
Madden 12Troy Polamalu
75.1%
Madden 10Troy Polamalu
75.1%
Madden 08Ladainian Tomlinson
67.1%
Madden 10Larry Fitzgerald
64%
Madden 02Tony Gonzalez
64%
Madden 08Champ Bailey
60.9%
Year Player % Correct
Madden 07Champ Bailey
60.9%
Madden 05Champ Bailey
60.9%
Madden 04Terrell Owens
60%
Madden 11Jared Allen
58.7%
Madden 03Larry Allen
58.7%
Madden 04Marvin Harrison
56.9%
Madden 06Adam Vinatieri
56%
Madden 04Adam Vinatieri
56%
Madden 06Jonathan Ogden
55.6%
Madden 05Jonathan Ogden
55.6%
Madden 02Jonathan Ogden
55.6%
Madden 11Patrick Willis
55.1%
Madden 03Marshall Faulk
52.4%
Madden 02Marshall Faulk
52.4%
Madden 07Shane Lechler
52%
Madden 08Brian Urlacher
49.3%
Madden 07Walter Jones
48.4%
Madden 09Bob Sanders
41.8%
Madden 03Warren Sapp
40%
Madden 02Warren Sapp
40%
Madden 10Nmandi Asomugha
37.3%
Madden 09Ladainian Tomlinson
36.9%
Madden 04Brian Dawkins
35.1%
Madden 05Mike Vanderjagt
34.2%
Madden 03Michael Strahan
33.8%
Madden 10Albert Haynesworth
32.4%
Madden 07Lorenzo Neal
31.6%
Madden 06David Akers
30.7%
Madden 04Derrick Brooks
26.7%

You're not logged in!

Compare scores with friends on all Sporcle quizzes.
OR
Log In

You Might Also Like...

Show Comments

Extras

Created Mar 30, 2012ReportNominate
Tags:NFL Quiz, 99 Best, madden, perfect

Top Quizzes Today


Score Distribution

Your Account Isn't Verified!

In order to create a playlist on Sporcle, you need to verify the email address you used during registration. Go to your Sporcle Settings to finish the process.

Report this User

Report this user for behavior that violates our Community Guidelines.

Details: